Antología del teatro costarricense : 1890-1950 /
Kaydedildi:
| Diğer Yazarlar: | , , , |
|---|---|
| Materyal Türü: | Bilinmiyor |
| Dil: | Spanish |
| Baskı/Yayın Bilgisi: |
San José, Costa Rica :
Universidad de Costa Rica,
1993.
|
| Edisyon: | 1. edición |
| Seri Bilgileri: | (Serie Antológica)
|
| Konular: | |
| Etiketler: |
Etiketle
Etiket eklenmemiş, İlk siz ekleyin!
|
MARC
| LEADER | 000000000a22000000004500 | ||
|---|---|---|---|
| 001 | 001888 | ||
| 008 | 180214b xxu||||| |||| 00| 0 spa d | ||
| 020 | |a 9977672385 | ||
| 041 | 0 | |a spa | |
| 082 | 0 | 4 | |a CR862.08 |b A634a |
| 245 | 0 | 0 | |a Antología del teatro costarricense : |b 1890-1950 / |c Álvaro Quesada Soto, seleccionador ; Flora Ovares Ramírez, introductor ; Margarita Rojas González, introductor ; Carlos Santander, compilador. |
| 250 | |a 1. edición | ||
| 260 | 1 | |a San José, Costa Rica : |b Universidad de Costa Rica, |c 1993. | |
| 300 | |a 477 páginas : |b ilustraciones | ||
| 490 | 1 | |a (Serie Antológica) | |
| 505 | |a Esta biblioteca tiene otro ejemplar, con número de inscripción 5005 | ||
| 650 | 4 | |a LITERATURA COSTARRICENSE |9 76 | |
| 650 | 4 | |a TEATRO | |
| 650 | 4 | |a COLECCIONES | |
| 700 | 1 | |a Quesada Soto, Álvaro, |d 1945-2001, |e seleccionador | |
| 700 | 1 | |a Ovares Ramirez, Flora, |e introductor | |
| 700 | 1 | |a Rojas González, Margarita, |e introductor | |
| 700 | 1 | |a Santander, Carlos, |e compilador | |
| 942 | |c BK |2 ddc | ||
| 999 | |c 8534 |d 8534 | ||



